The Finite Element Method and Applications in Engineering Using ANSYS®

Guardado en:
Detalles Bibliográficos
Autor principal: Madenci, Erdogan (Autor)
Otros Autores: Guven, Ibrahim
Formato: Libro
Lenguaje:inglés
Publicado: New York Springer 2015
Edición:2. vyd.
Etiquetas: Agregar Etiqueta
Sin Etiquetas, Sea el primero en etiquetar este registro!

MARC

LEADER 00000nam a22000003a 4500
001 0087773
003 SK-STU
005 20210407094216.9
007 ta
008 210407s ----xo-----e------000-0-----d
020 |a 978-1-4899-7735-9 
040 |a STU  |b slo 
041 0 |a eng 
044 |a xxu 
100 1 |a Madenci, Erdogan  |4 aut 
245 1 0 |a The Finite Element Method and Applications in Engineering Using ANSYS® 
250 |a 2. vyd. 
260 |a New York  |b Springer  |c 2015 
300 |a 657 s. 
700 1 |a Guven, Ibrahim 
996 |b 284M088717  |c M* 14451-1  |l MMST  |s A  |a 24  |w 0087773_0001